Kontento ka na ba sa pagpapalaki ng anak mo? (Record no. 3070)

MARC details
000 -LEADER
fixed length control field 00750nam a22002177a 4500
003 - CONTROL NUMBER IDENTIFIER
control field OSt
005 - DATE AND TIME OF LATEST TRANSACTION
control field 20250806023236.0
008 - FIXED-LENGTH DATA ELEMENTS--GENERAL INFORMATION
fixed length control field 240910b |||||||| |||| 00| 0 eng d
020 ## - INTERNATIONAL STANDARD BOOK NUMBER
International Standard Book Number 9789719554646
040 ## - CATALOGING SOURCE
Original cataloging agency DWCL-Main Lib.
Transcribing agency OC
082 ## - DEWEY DECIMAL CLASSIFICATION NUMBER
Classification number Fil. 649 G216k 2014
100 ## - MAIN ENTRY--PERSONAL NAME
Personal name Garcia, Vic
245 ## - TITLE STATEMENT
Title Kontento ka na ba sa pagpapalaki ng anak mo?
Remainder of title : guide to how to raise unleashed children /
Statement of responsibility, etc. Vic Garcia Avelynn Garcia .
260 ## - PUBLICATION, DISTRIBUTION, ETC.
Place of publication, distribution, etc. Pasig, Metro Manila :
Name of publisher, distributor, etc. Unleash International Corporation,
Date of publication, distribution, etc. c2014.
300 ## - PHYSICAL DESCRIPTION
Extent 124 pages :
Other physical details some color illustrations ;
Dimensions 21cm.
504 ## - BIBLIOGRAPHY, ETC. NOTE
Bibliography, etc. note Includes bibliography.
650 ## - SUBJECT ADDED ENTRY--TOPICAL TERM
Topical term or geographic name entry element 1. Parenting.
650 ## - SUBJECT ADDED ENTRY--TOPICAL TERM
Topical term or geographic name entry element 2. Parent-child relationship.
700 ## - ADDED ENTRY--PERSONAL NAME
Personal name Garcia, Avelynn
942 ## - ADDED ENTRY ELEMENTS (KOHA)
Source of classification or shelving scheme Dewey Decimal Classification
Koha item type Book-Filipiniana
Call number prefix Fil.
Suppress in OPAC No
952 ## - LOCATION AND ITEM INFORMATION (KOHA)
--
Holdings
Withdrawn status Lost status Source of classification or shelving scheme Damaged status Not for loan Home library Current library Shelving location Date acquired Source of acquisition Total Checkouts Full call number Barcode Date last seen Copy number Price effective from Koha item type Uniform Resource Identifier
    Dewey Decimal Classification     College Library College Library Filipiniana 09/04/2024 Donation   Fil. 649 G216k 2014 54135 09/10/2024 c1 09/10/2024 BK - FIL